| 000 | 00516nam a2200205Ia 4500 | ||
|---|---|---|---|
| 005 | 20240823054923.0 | ||
| 008 | 240823s9999||||xx |||||||||||||| ||und|| | ||
| 020 | _a1-85233-302-2 | ||
| 041 | _aENGLISH | ||
| 082 | _A629.83 P0 | ||
| 100 | _a"Emelynov, Stanislav V" | ||
| 245 | 0 | _aControl of Complex and Uncertain Systems: New Types of Feedback | |
| 250 | _a1st | ||
| 260 |
_c2000 _bSpr |
||
| 500 | _aYES | ||
| 650 |
_aMechanical _bMechanical |
||
| 700 | _a"Kovin,Sergey K" | ||
| 942 | _cBK | ||
| 999 |
_c227590 _d227590 |
||